Регионална библиотека "Любен Каравелов" - Русе

Балетното изкуство (Запис номер 75822)

MARC детайли
000 -Лидер
Контролно поле с фиксирана дължина nam a22 a 4500
003 - Код на организацията, давaща контролен номер
Контролно поле BLK
005 - Дата и час на последна редакция
Контролно поле 20210201110131.0
008 - Елементи от данни с фиксирана дължина
fixed length control field 180408b bul|||||r ||||||| ||bul||
010 ## - Наследен системен номер
LC control number KNG00080244000
020 ## - Международен стандартен номер на книга ISBN
Международен стандартен номер на книга ISBN 978-954-308-143-1
040 ## - Източник на каталожния запис
Идентификатор на билиотеката - собственик на записа BLK
041 ## - Код за език
Код за езика на текст/звукозапис или на отделно заглавие Български
Код за езика КДБФ Български
080 ## - УДК
Текстов определител УДК Балетни театри. Хореографски представления. Сценични танци. Вж и 793.32
УДК код - определител по УДК 792.8
УДК - код + определител 792.8
080 ## - УДК
Текстов определител УДК Балетни танци (класически и модерни). Характерни танци. Вж и 78.085.5; 78.085.7; 792.8
УДК код - определител по УДК 793.32
УДК - код + определител 793.32
100 1# - Редна дума - Автор
Автор Wilkes, Angela
Авторска отговорност първи автор
R(LIN) 371557
139 ## - Редно поле
Редна дума Уилкс, Анджела
Авторски знак Уилк - У 38
245 10 - Сведения за заглавието
Заглавие Балетното изкуство
Редно поле (дума) * Анджела Уилкс; Angela Wilkes; прев. Доряна Стефанова Петрова.
257 ## - Страна на издаване
Страна на създаване/издаване Великобритания
260 ## - Област на издателските данни
Име на издателя, разпространителя и проч. Прес
Година на издаване 2007
Печатница София : ИПК Родина
Място на издаване, разпространение и проч. София
300 ## - Физическа характеристика
Страници 32 с.
Илюстрации и др. с цв. ил.
Размери/Мащаб 29 см
380 ## - Жанр
Жанр Детска отраслова лит.
490 ## - СЕРИИ (Колекции)
Име на серия В света на ...
9 (RLIN) 203613
490 ## - СЕРИИ (Колекции)
Име на серия Kingfisher
9 (RLIN) 203602
500 ## - Общи забележки
Забележка Офс. изд. Ballet / Angela Wilkes. - Съдържа и Речник ; Показалец.
650 #4 - Допълнително описание по предмет – тема
Основно описание – тема или топоним Балет
9 (RLIN) 147951
650 #4 - Допълнително описание по предмет – тема
Основно описание – тема или топоним Хореография
9 (RLIN) 176772
653 ## - Ключова дума – ненормативна
Ключова дума балет
653 ## - Ключова дума – ненормативна
Ключова дума литература за деца
653 ## - Ключова дума – ненормативна
Ключова дума детска литература
700 1# - Други автори (авторска отговорност)
Лично име Уилкс, Анджела
Автороска отговорност (Описва отношението между автора и произведението) *
9 (RLIN) 370063
700 1# - Други автори (авторска отговорност)
Лично име Петрова, Доряна Стефанова
Автороска отговорност (Описва отношението между автора и произведението) прев.
9 (RLIN) 370118
852 ## - Местоположение
Форматна сигнатура Цб ІІ 14952
856 4# - Електронен адрес и достъп
Електронен формат pdf - файл
856 4# - Електронен адрес и достъп
Електронен формат pdf - файл
999 ## - СИСТЕМНИ КОНТРОЛНИ НОМЕРА
Koha biblionumber 75822
Koha biblioitemnumber 75822
942 ## - АРТИКУЛИ
Вид на библиотечния материал Книги
Скрит в OPAC Не
Koha issues (borrowed), all copies 3
Периодичен библиозапис Да
944 ## - СЪЗДАВАНЕ И РЕДАКЦИЯ на ЗАПИСА
Създаване/Редакция Създаване
Дата на регистрацията/редакция 27.12.2007
Служител, извършил регистрацията/редакцията Людмила_Стоянова
944 ## - СЪЗДАВАНЕ И РЕДАКЦИЯ на ЗАПИСА
Създаване/Редакция Редакция
Дата на регистрацията/редакция 09.04.2009
999 ## - СИСТЕМНИ КОНТРОЛНИ НОМЕРА
Koha biblioitemnumber 75822
Наличности
Код за отписване Код за изгубен артикул Код за повреда Коз за рестрикции Код за отдаване Артикулен № Име на библиотеката - собственик Име на библиотеката, в която се намира в момента Статус (Текущо местоположение) Дата на вписване в системата Местоположение - отдел Цена в лева Инвентарен номер Систематично азбучна сигнатура Баркод Номер на екземпляра Цена в евро Служебна бележка Служебен тип на артикула Източник на класификационната схема
  Не е изгубен Не е повреден без рестрикции заемане за дома 123232 Регионална библиотека "Любен Каравелов" Русе Регионална библиотека "Любен Каравелов" Русе Детски отдел 2007-12-20 Детски отдел 4.00 120000721314 ДН 79/У 38 120000721314 1 2.05 Дост: Pk Вид: Ф N: 80 Дата: 04.12.2007 Дата инв: 20.08.2015 Бележки инв: Д2015 Книги  
  Не е изгубен Не е повреден само за читалня ползва се в читалня 123233 Регионална библиотека "Любен Каравелов" Русе Регионална библиотека "Любен Каравелов" Русе Хранилище 2008-03-24 Хранилище 4.00 120000724662 Цб ІІ 14952 120000724662 2 2.05 Дост: Dp Вид: Д N: 5 Дата: 02.01.2008 Книги Universal Decimal Classification
Изтеглен Не е изгубен Не е повреден без рестрикции заемане за дома 123234 Регионална библиотека "Любен Каравелов" Русе Регионална библиотека "Любен Каравелов" Русе Детски отдел 2009-03-27 Детски отдел 4.00 120000734614 ДН 79/У 38 120000734614 3 2.05 Дост: DA Вид: А N: 4 Дата: 27.03.2009 Дата инв: 20.08.2015 Бележки инв: Д2015 Книги  
Vip Innovations Ltd, Rousse, Bulgaria 2025